Essays in international monetary economics /
Saved in:
| Main Author: | |
|---|---|
| Format: | Thesis |
| Language: | English |
| Published: |
Coventry, United Kingdom :
Department of Economics, University of Warwick,
2009
|
| Subjects: | |
| Tags: |
Add Tag
No Tags, Be the first to tag this record!
|
| LEADER | 008800000a22002050004500 | ||
|---|---|---|---|
| 008 | 131111t2009 xxka g m 000 0 eng d | ||
| 040 | |a UIAM |b eng | ||
| 050 | 4 | |a HG3881 | |
| 100 | 1 | |a Saborowski, Christian | |
| 245 | 1 | 0 | |a Essays in international monetary economics / |c by Christian Saborowski |
| 260 | |a Coventry, United Kingdom : |b Department of Economics, University of Warwick, |c 2009 | ||
| 300 | |a viii, 208 leaves : |b col. ill. ; |c 30 cm. | ||
| 502 | |a Thesis (Ph.D.)--University of Warwick, 2009. | ||
| 504 | |a Includes bibliographical references (leaves 150-165). | ||
| 596 | |a 1 | ||
| 655 | 0 | 7 | |a Theses, Facsimile edition |
| 710 | 2 | |a University of Warwick. |b Department of Economics | |
| 900 | |a amr-hj-mrm | ||
| 999 | |c 436907 |d 467278 | ||
| 952 | |0 0 |6 TI HG 003881 S117E 2009 |7 0 |8 THESES |9 759349 |a IIUM |b IIUM |c MULTIMEDIA |g 700.00 |o ti HG 3881 S117E 2009 |p 00011303518 |r 2017-10-23 |t 1 |v 700.00 |y THESIS | ||
